000 01210nam2a2200325 4500
001 RU\NLR\DIGIT\508560
005 20250806204111.0
035 _a(NLR Aleph) 010323027
090 _a25146
_c25146
100 _a20250806 rusy50
101 0 _arus
102 _aRU
135 _acrgn 008apabr
200 0 _a1941, № 123 (2451) (28 мая)
210 _d1941
325 _aКопия доступна в Электрон. б-ке РНБ http://vivaldi.nlr.ru/pn000133585/view
461 0 _1001RU\NLR\DIGIT\133458
_12001#$aКрасногвардейская правда$v1941, № 123 (2451) (28 мая)
607 _aГатчина город
_xгазета
801 2 _aRU
_bNLR
_c20140210
_2rusmarc
852 _aNLR
_bГаз.
_jР 1/778
_pС 34636
856 0 _uhttp://vivaldi.nlr.ru/pn000133585/view
856 1 _uhttp://vivaldi.nlr.ru/pn000133585/cover
856 2 _uhttp://vivaldi.nlr.ru/pn000133585/text
942 _cISSNP
945 _aРоссийская национальная библиотека
980 _aNB
980 _aBV
981 2 7 _a(27) Периодические издания
_b(27) Газеты